000 00431nam a22001697a 4500
999 _c26882
_d26882
003 BDDh-ASL
005 20231015030709.0
008 211020s1868 ii ||||| |||| 00| 0 u d
040 _aBDDh-ASL
_cBDDh-ASL
082 _a297.3
_bALN
100 1 _95243
_aAli, Mir
245 1 0 _aNabilul Jinan : / نبيل الجنان
260 _aKanpur :
_c1868.
300 _a46 p. :
_c25 cm.
650 0 _91652
_aIslam
942 _2ddc
_cBK